Statistics for Monty Python Quotes

Click here to take the quiz!

General Stats

  • This quiz has been taken 16,777 times
  • The average score is 10 of 16

Answer Stats

Quote % Correct
It's just a {flesh} wound
93%
And now for something completely {different}
82%
We are the Knights who say... {NI}
80%
You've got two empty halves of {coconut} and you're bangin' 'em together
78%
Bring out yer {dead}
77%
If she weighed the same as a duck... she's made of wood
And therefore...
...A {witch}!
72%
I'm a {lumberjack} and I'm okay. I sleep all night and I work all day
65%
What... is the air-speed velocity of an unladen {swallow}? 
63%
Strange women lying in ponds distributing swords is no basis for a system of {government}
61%
Nobody expects the {Spanish} {Inquisition}
61%
You must return here with a {shrubbery} or else ... you shall not pass through this wood alive!
59%
This {parrot} is no more. It has ceased to be. It's expired and gone to meet its maker
51%
Every {sperm} is sacred
49%
Well, she turned me into a newt!
A newt?
I got {better}
49%
And finally, monsieur, a {wafer}-thin mint.
43%
You must cut down the mightiest tree in the forest... with... a {herring}
38%

Score Distribution

Percentile by Number Answered

Percent of People with Each Score

Your Score History

You have not taken this quiz